000 00706nam a22002177a 4500
003 UA-OsUOA
001 87222
007 ta
008 20120915b un ||||| |||| 00| 0 ukr d
090 _a82.09
_bЛ64
942 _cBK
040 _aUA-OsUOA
_bukr
_cUA-OsUOA
_dUA-OsUOA
245 _a1986. Література. Діти. Час
_bЗбірник літературно-критичних статей про дитячу літературу
_cУпоряд. Неділько В. І.
300 _a172 с.
955 _a3
041 _aukr
080 _a82.09
260 _aК.
_bВеселка
_c1980
650 7 _a82 Література. Літературознавство
_2UDC
999 _c373513
_d373513